000 00498ntaaa2200193 4500
003 01
005 20251027201935.0
008 0714s1973 ag 01
040 _aAR-BaBN
_bspa
_cAR-BaBN
_eaacr
_dRIC
082 _a245.0000 H14
100 _aHall, Frederick
_917983
245 _aKnow your hymns?
250 _a1 ed. :
_bW. A. Wilde Company,
_cc1944
300 _a140 p.
500 _a"A quiz book for individual use and social gatherings"
650 _aHimnos
650 _aMúsica
942 _cBK
999 _c14127
_d14127